Návrh zdokonalenia podnikovej kultúry v podmienkach spoločnosti PSL, a.s.
Guardado en:
| Autor principal: | |
|---|---|
| Otros Autores: | |
| Formato: | Manuscrito Libro |
| Lenguaje: | eslovaco |
| Publicado: |
2017
|
| Materias: | |
| Acceso en línea: | http://is.stuba.sk/zp/portal_zp.pl?podrobnosti=130667 |
| Etiquetas: |
Sin Etiquetas, Sea el primero en etiquetar este registro!
|
MARC
| LEADER | 00000ntm a22000003a 4500 | ||
|---|---|---|---|
| 001 | stuzp62481 | ||
| 003 | SK-STU | ||
| 005 | 20170610210544.4 | ||
| 007 | ta | ||
| 008 | 150427s2015----xo-----f-mn---000-0-slo-d | ||
| 040 | |a STU |b slo | ||
| 041 | 0 | |a slo | |
| 100 | 1 | |a Lukáčová, Andrea |u 064000 |k Z4 |4 aut |U MTF Materiálovotechnologická fakulta |T MTF Ústav priemyselného inžinierstva a manažmentu |X 6962 |U M4000 |Y 84 |7 6962 | |
| 242 | 0 | 1 | |a The Improvement of Corporate Culture in Industrial Conditions of PSL, a. s. |y eng |
| 245 | 1 | 0 | |a Návrh zdokonalenia podnikovej kultúry v podmienkach spoločnosti PSL, a.s. |
| 260 | |c 2017 | ||
| 650 | 4 | |a prvky podnikovej kultúry |2 slo | |
| 650 | 4 | |a imidž podniku |2 slo | |
| 650 | 4 | |a spokojnosť zamestnancov |2 slo | |
| 650 | 4 | |a podniková kultúra |2 slo | |
| 650 | 4 | |a corporate culture elements |2 eng | |
| 650 | 4 | |a corporate culture |2 eng | |
| 650 | 4 | |a company image |2 eng | |
| 650 | 4 | |a employee satisfaction |2 eng | |
| 700 | 1 | |a Samáková, Jana |u 064000 |k Z1 |4 ths |U MTF Materiálovotechnologická fakulta |T MTF Ústav priemyselného inžinierstva a manažmentu |X 33101 |U M4000 |Y 84 |7 A000033101 | |
| 856 | 4 | |u http://is.stuba.sk/zp/portal_zp.pl?podrobnosti=130667 | |
| 996 | |c M* DP-13384 |l MMSKP |s P |a 0 |w stuzp62481_0001 | ||